书目信息 |
| 书名: | Introduction to semiconductor materials and devices | |
| 作者: | M.S. Tyagi. | |
| 分册号: | ||
| 分册名: | 出版地: | New York : |
|
| 出版社: | Wiley | |
| 出版时间: | c1991. | |
| 页数: | xvii, 669 p. : | |
| 开本: | 26 cm. | |
| 丛书名: | ||
| 中图分类号: | ||
| 科图分类号: | ||
| 其他分类号: | TN3 | |
| 主题词: | ||
| 电子资源: | http://www.loc.gov/catdir/toc/onix02/89024852.html | |
| 000 | 00904pam 2200277 a 4500 | |
| 001 | E0738908661 | |
| 005 | 20070505105107.82 | |
| 008 | 020107s1991 nyua b 001 0 eng | |
| 010 | @a 89024852 | |
| 020 | @a0471605603. | |
| 040 | @aDLC@cDLC@dDLC | |
| 050 | 00 | @aTK7871.85@b.T93 1991 |
| 082 | 00 | @a621.381/52 @2 20 |
| 090 | @aTN304.0/X2 @2 3 | |
| 090 | @aTN3 | |
| 093 | @aTN304.0 @2 3 | |
| 099 | @dTN3@ex8 | |
| 100 | 1 | @aTyagi, M. S.@q(Man S.),@d1934- |
| 245 | 10 | @aIntroduction to semiconductor materials and devices / @cM.S. Tyagi. |
| 260 | @aNew York :@bWiley,@cc1991. | |
| 300 | @axvii, 669 p. :@bill. ;@c26 cm. | |
| 504 | @aIncludes bibliographical references and index. | |
| 650 | 0 | @aSemiconductors. |
| 740 | 0 | @aSemiconductor materials and devices. |
| 856 | @3 Table of Contents@uhttp://www.loc.gov/catdir/toc/onix02/89024852.html | |
| 920 | @a232010@z1 | |
| Introduction to semiconductor materials and devices / / M.S. Tyagi.-New York : : Wiley, , c1991. |
| xvii, 669 p. : : ill. ; ; 26 cm. |
| Includes bibliographical references and index. |
| ISBN 0471605603. |
| ● |
| 相关链接 |
|
|
|
|
正题名:Introduction to semiconductor materials and devices
索取号:TN3/x8
 
预约/预借
| 序号 | 登录号 | 条形码 | 馆藏地/架位号 | 状态 | 备注 |
| 1 | 006721 | 300067219 | 第二样本阅览室/ [索取号:TN3/x8] | 在馆 |